British Tanks - Statistics

General Stats
  • This quiz has been taken 13 times
  • The average score is 6 of 13
Answer Stats
Years in Service Tank % Correct
(1958-1965) Centurion
83%
(1983-1998) Challenger I
75%
(1945-1958) Comet
75%
(1998-Present) Challenger II
67%
(1941-1943) Matilda II
67%
(1918-1924) Mark V
58%
(1965-1983) Chieftain
50%
(1944-1945) Cromwell
50%
(1916-1917) Mark I
42%
(1917-1918) Mark IV
42%
(1938-1941) Cruiser Mark I
8%
(1923-1938) Vickers Medium Mark 2
8%
(1941) Cruiser Mark 4
0%
No matching quizzes found
Score Distribution
Percent of People with Each Score
Percentile by Number Answered
Your Score History
You have not taken this quiz